<?xml version="1.0" encoding="UTF-8"?>
<record
    xmlns:xsi="http://www.w3.org/2001/XMLSchema-instance"
    xsi:schemaLocation="http://www.loc.gov/MARC21/slim http://www.loc.gov/standards/marcxml/schema/MARC21slim.xsd"
    xmlns="http://www.loc.gov/MARC21/slim">

  <leader>01090nam a22002897a 4500</leader>
  <datafield tag="952" ind1=" " ind2=" ">
    <subfield code="a">0001</subfield>
    <subfield code="b">0001</subfield>
    <subfield code="d">2019-06-18</subfield>
    <subfield code="l">0</subfield>
    <subfield code="o">323.11959 B55 2015</subfield>
    <subfield code="p">019214</subfield>
    <subfield code="r">2019-06-18 00:00:00</subfield>
    <subfield code="w">2019-06-18</subfield>
    <subfield code="y">BKS</subfield>
  </datafield>
  <datafield tag="999" ind1=" " ind2=" ">
    <subfield code="c">13318</subfield>
    <subfield code="d">13318</subfield>
  </datafield>
  <controlfield tag="003">MIRAKIL</controlfield>
  <controlfield tag="005">20190618114952.0</controlfield>
  <controlfield tag="008">190618b        tu ||||| |||| 00| 0 tur d</controlfield>
  <datafield tag="020" ind1=" " ind2=" ">
    <subfield code="a">9786053993919</subfield>
  </datafield>
  <datafield tag="040" ind1=" " ind2=" ">
    <subfield code="a">TR-AnCHP</subfield>
    <subfield code="c">TR-AnCHP</subfield>
  </datafield>
  <datafield tag="041" ind1=" " ind2=" ">
    <subfield code="a">tur</subfield>
  </datafield>
  <datafield tag="082" ind1=" " ind2=" ">
    <subfield code="a">323.11959</subfield>
    <subfield code="b">B55 2015</subfield>
  </datafield>
  <datafield tag="111" ind1=" " ind2=" ">
    <subfield code="a">1990'larda K&#xFC;rtler ve K&#xFC;rdistan Konferans&#x131;</subfield>
    <subfield code="c">&#x130;stanbul</subfield>
    <subfield code="d">26-27 Nisan 2014</subfield>
  </datafield>
  <datafield tag="245" ind1="1" ind2="0">
    <subfield code="a">1990'larda K&#xFC;rtler ve K&#xFC;rdistan /</subfield>
    <subfield code="c">Derleyenler Ayhan I&#x15F;&#x131;k, B&#xFC;lent Bilmez, Ronayi &#xD6;nen, Tahir Bayku&#x15F;ak.</subfield>
  </datafield>
  <datafield tag="260" ind1=" " ind2=" ">
    <subfield code="a">&#x130;stanbul:</subfield>
    <subfield code="b">&#x130;stanbul Bilgi &#xDC;niversitesi yay&#x131;nlar&#x131;,</subfield>
    <subfield code="c">2015.</subfield>
  </datafield>
  <datafield tag="300" ind1=" " ind2=" ">
    <subfield code="a">166 s.:</subfield>
    <subfield code="b">fotg., grf.;</subfield>
    <subfield code="c">23 sm.</subfield>
  </datafield>
  <datafield tag="490" ind1="0" ind2=" ">
    <subfield code="a">&#x130;stanbul Bilgi &#xDC;niversitesi Yay&#x131;nlar&#x131; ;</subfield>
    <subfield code="a">Sempozyum-Panel</subfield>
    <subfield code="v">513.</subfield>
    <subfield code="v">5.</subfield>
  </datafield>
  <datafield tag="500" ind1=" " ind2=" ">
    <subfield code="a">K&#xFC;rt&#xE7;e metin i&#xE7;ermektedir.</subfield>
  </datafield>
  <datafield tag="504" ind1=" " ind2=" ">
    <subfield code="a">Dizin vard&#x131;r.</subfield>
  </datafield>
  <datafield tag="650" ind1=" " ind2="0">
    <subfield code="9">5116</subfield>
    <subfield code="a">K&#xFC;rtler</subfield>
    <subfield code="x">Tarih </subfield>
    <subfield code="z">T&#xFC;rkiye</subfield>
  </datafield>
  <datafield tag="650" ind1=" " ind2="0">
    <subfield code="9">5116</subfield>
    <subfield code="a">K&#xFC;rtler</subfield>
    <subfield code="x">Siyaset ve y&#xF6;netim</subfield>
    <subfield code="y">21. yy</subfield>
  </datafield>
  <datafield tag="700" ind1=" " ind2=" ">
    <subfield code="9">5828</subfield>
    <subfield code="a">I&#x15F;&#x131;k, Ayhan</subfield>
    <subfield code="e">der.</subfield>
  </datafield>
  <datafield tag="700" ind1=" " ind2=" ">
    <subfield code="9">5829</subfield>
    <subfield code="a">Bilmez, B&#xFC;lent</subfield>
    <subfield code="e">der.</subfield>
  </datafield>
  <datafield tag="700" ind1=" " ind2=" ">
    <subfield code="9">5830</subfield>
    <subfield code="a">&#xD6;nen, Ronayi</subfield>
    <subfield code="e">der.</subfield>
  </datafield>
  <datafield tag="700" ind1=" " ind2=" ">
    <subfield code="9">5831</subfield>
    <subfield code="a">Bayku&#x15F;ak, Tahir</subfield>
    <subfield code="e">der.</subfield>
  </datafield>
  <datafield tag="942" ind1=" " ind2=" ">
    <subfield code="2">ddc</subfield>
    <subfield code="c">BKS</subfield>
  </datafield>
</record>
